[Event "1984 - Gruppe A"]
[Site "?"]
[Date "2008.??.??"]
[Round "1"]
[White "MGS Sargon 2.5"]
[Black "Mirage, Mephisto"]
[Result "0-1"]
[WhiteElo "1500"]
[BlackElo "1508"]
[Annotator "Peter Haupert"]
[PlyCount "132"]
[EventDate "2008.??.??"]

1. e4 e5 2. Nf3 Nc6 3. Bb5 a6 4. Bxc6 dxc6 5. Nc3 f6 6. d4 exd4 7. Qxd4 Qxd4 8.
Nxd4 Bd7 9. Be3 Bb4 10. Nde2 f5 11. O-O-O Nf6 12. e5 Ng4 13. Bd4 c5 14. Nd5 O-O
15. Nxb4 cxd4 16. Rxd4 Nxe5 17. Nd3 Nxd3+ 18. Rxd3 Bb5 19. Re3 Rfe8 20. Nd4
Rxe3 21. fxe3 Bd7 22. Rf1 Rf8 23. Rf4 c5 24. Nb3 b6 25. Rf3 Bc6 26. Rf2 g6 27.
Nd2 Re8 28. Nf1 Kg7 29. c3 Rd8 30. Kc2 Be4+ 31. Kb3 b5 32. Ng3 Bd5+ 33. Ka3 Re8
34. Rd2 Bc6 35. Nf1 a5 36. Kb3 c4+ 37. Kc2 b4 38. a3 b3+ (38... bxa3 39. bxa3
Be4+ 40. Kc1 Bd3 $19) 39. Kd1 a4 40. g3 Kf6 41. Rd4 Bf3+ 42. Ke1 Re4 43. Kf2
Rxd4 44. exd4 Bd5 45. Ne3 Ke6 46. Nxd5 Kxd5 47. Ke3 g5 48. h3 h5 $4 {
Ke6 oder Ph6 ist Remis} 49. h4 f4+ 50. Kf3 fxg3 51. hxg5 h4 52. Kg2 $4 (52. g6
$1 Ke6 53. d5+ Kf6 54. d6 {und ein Bauer geht durch}) 52... Ke6 53. Kh3 Kf5 54.
d5 Kxg5 55. d6 Kf6 56. Kg2 Ke6 57. Kh3 Kxd6 58. Kg2 Ke5 59. Kh3 Kf4 60. Kg2 Ke3
61. Kf1 h3 62. Kg1 g2 63. Kh2 Kf2 64. Kxh3 g1=Q 65. Kh4 Qg6 66. Kh3 Qg3# {
ein glücklicher Sieg für den Mirage} 0-1

[Event "1984 - Gruppe A"]
[Site "?"]
[Date "2008.??.??"]
[Round "2"]
[White "Sensory 9 B, Fidelity"]
[Black "MGS Sargon 2.5"]
[Result "1-0"]
[WhiteElo "1571"]
[BlackElo "1500"]
[Annotator "Peter Haupert"]
[PlyCount "83"]
[EventDate "2008.??.??"]

1. c4 e6 2. Nf3 Nf6 3. g3 d5 4. Bg2 Nc6 5. cxd5 exd5 6. O-O Bf5 7. Nc3 Bb4 8.
Qb3 O-O 9. Nh4 Be4 10. Nxe4 dxe4 11. d3 e3 $4 (11... exd3 12. exd3 Rb8 $11) 12.
Bxc6 exf2+ 13. Rxf2 Bc5 14. Bf3 Bxf2+ 15. Kxf2 Qd4+ 16. e3 Qc5 17. d4 Qa5 18.
Qxb7 Rae8 19. b4 Qb6 20. Ng2 Ng4+ 21. Kg1 Qxb7 22. Bxb7 Re6 23. Bf3 Nf6 24. Nf4
Re7 25. Bd2 g5 26. Nd5 Nxd5 27. Bxd5 Rd8 28. e4 h6 29. Rc1 Rd6 30. b5 Rb6 31.
a4 Rb8 32. Bb4 Rd7 33. Bc5 Rbd8 34. Rf1 g4 35. Rf6 Kg7 36. Ra6 f5 37. Be6 fxe4
38. Bxd7 Rxd7 39. Re6 h5 40. Rxe4 Rd5 41. Re7+ Kf6 42. Rxc7 1-0

[Event "1984 - Gruppe A"]
[Site "?"]
[Date "2008.??.??"]
[Round "3"]
[White "MGS Sargon 2.5"]
[Black "MGS Master Chess Trio S"]
[Result "0-1"]
[WhiteElo "1500"]
[BlackElo "1600"]
[Annotator "Peter Haupert"]
[PlyCount "126"]
[EventDate "2008.??.??"]

1. e4 c5 2. Nf3 e6 3. d4 {letzter Buchzug Sargon 2.5} cxd4 4. Nxd4 a6 5. Nc3
Qc7 6. Be2 Nc6 7. Be3 Nf6 8. O-O Bb4 {
Letzter Buchzug Grünfeld Modul; Wechsel auf Morphy.} 9. Nxc6 Bxc3 10. Bd4 $6
Bxd4 11. Nxd4 Nxe4 12. Qd3 d5 13. Bf3 Nc5 14. Qe3 O-O 15. b4 Na4 16. Rfe1 Qc4
17. a3 Bd7 18. Rad1 Nc3 19. Rd3 Rfc8 20. Nb3 Bb5 21. Rd4 Qc6 22. Rf4 Rab8 23.
Bh5 Rf8 $2 {Pg6!} 24. Nc5 (24. Bxf7+ $1 Rxf7 25. Rxf7 Kxf7 26. Qf4+ Ke7 27.
Qxb8 Ne2+ 28. Kh1 Qc3 $16 {natürlich viel zu kompliziert für die "Saurier" aus
der Frühzeit der Schachcomputer}) 24... Na4 25. Nxa4 {wieder war Bxf7 möglich}
Bxa4 26. c3 Rbc8 27. Rf3 Bc2 28. Rg3 Rfd8 29. Qd4 g6 30. Be2 b5 31. Kf1 Qc7 32.
Rc1 Be4 33. Rd1 e5 34. Qe3 f5 $1 {Morphy macht Druck} 35. Qd2 f4 36. Rh3 Qd7
37. Bd3 $2 Bxg2+ 38. Kxg2 Qg4+ 39. Rg3 fxg3 40. hxg3 Rxc3 41. Qxc3 Qxd1 42. Bf1
e4 43. Qf6 Rf8 44. Qe6+ Kg7 45. Qe7+ Rf7 46. Qe5+ Rf6 47. Qe7+ Rf7 48. Qe5+ Kh6
49. Qc3 Qf3+ {mit der Aufforderung auf Capablanca zu wechseln} 50. Qxf3 Rxf3
51. a4 bxa4 52. Bxa6 a3 53. g4 a2 54. Be2 Rf4 55. Kg3 Kg5 56. Kg2 a1=Q 57. f3
exf3+ 58. Bxf3 Qa2+ 59. Kg3 Qb3 60. Kf2 Rxf3+ 61. Kg1 Qxb4 62. Kh1 Qxg4 63. Kh2
Rh3# 0-1

[Event "1984 - Gruppe A"]
[Site "?"]
[Date "2008.??.??"]
[Round "5"]
[White "Elite A/S Budapest 8 Mhz, Fidelity"]
[Black "MGS Sargon 2.5"]
[Result "1-0"]
[WhiteElo "1860"]
[BlackElo "1500"]
[Annotator "Peter Haupert"]
[PlyCount "77"]
[EventDate "2008.??.??"]

1. c4 c5 2. Nc3 Nc6 3. g3 g6 {Ende Bibi Sargon} 4. Bg2 Nf6 5. Nf3 {
Ende Bibi Elite} e5 6. d3 Be7 $6 {natürlich gehört der Läufer fianchettiert} 7.
Nd5 d6 8. Nxe7 Qxe7 9. O-O Bf5 10. Bd2 e4 11. Nh4 O-O 12. Bg5 Rfe8 13. dxe4 Bg4
14. h3 Bc8 15. Qa4 Nd4 $4 16. Bxf6 Nxe2+ 17. Kh2 Qe6 18. Rfe1 Bd7 19. Qb3 Nxg3
20. fxg3 Qxf6 21. Qxb7 Qe6 22. b3 Reb8 23. Qd5 Qxd5 24. exd5 Re8 25. a3 Rab8
26. Rxe8+ Bxe8 27. Rb1 a5 28. Re1 f6 29. Re7 h6 30. Re6 h5 31. Rxd6 g5 32. Nf3
Rxb3 33. Rxf6 g4 34. hxg4 hxg4 35. Ng5 Rxa3 36. Ne6 Ba4 37. Rf8+ Kh7 38. Be4+
Kh6 39. Rh8# 1-0

[Event "1984 - Gruppe A"]
[Site "?"]
[Date "2008.??.??"]
[Round "6"]
[White "Glasgow 68000 EMU, Mephisto"]
[Black "MGS Sargon 2.5"]
[Result "1-0"]
[WhiteElo "1700"]
[BlackElo "1500"]
[Annotator "Peter Haupert"]
[PlyCount "105"]
[EventDate "2008.??.??"]

1. d4 Nf6 2. Nf3 Nc6 3. d5 Nb4 4. Nc3 e6 5. e4 exd5 6. exd5 Bc5 7. a3 Qe7+ 8.
Be2 Na6 9. O-O O-O 10. Bxa6 bxa6 11. b4 Bb6 12. Re1 Qd6 13. Bg5 Bb7 14. Bxf6
Qxf6 15. Ne4 Qf5 16. c4 Rae8 17. Qb1 d6 18. c5 $2 Bxd5 19. Nc3 Rxe1+ $2 (19...
Qxb1 20. Raxb1 Bxf3 21. cxb6 Rxe1+ 22. Rxe1 Bb7 $1 23. bxc7 Rc8 24. Re7 Bc6 $11
) 20. Nxe1 Qxb1 21. Rxb1 Be6 22. cxb6 axb6 23. Rd1 Re8 24. Nc2 Bb3 25. Re1
Rxe1+ 26. Nxe1 f6 27. f4 {+1.62 Mephisto Glasgow EMU} Bc4 28. Nf3 a5 29. bxa5
bxa5 30. Nd4 Kf7 31. Nc6 a4 32. Nxa4 Bb5 {Sargon: Is this a trap?} 33. Nd8+ Ke7
34. Nc3 Bd7 35. Nb7 Bc8 36. Na5 Be6 37. Kf2 c5 38. Ke2 d5 39. a4 c4 $2 {
überlässt dem weißen König das Feld D4} 40. Ke3 Kd6 41. Kd4 g6 42. Nb7+ Kc7 43.
Nc5 Bf7 44. Na6+ Kd6 45. Nb4 g5 46. fxg5 fxg5 47. Nb5+ Kd7 48. a5 Be6 49. a6
Kc8 50. a7 Kb7 51. a8=Q+ Kxa8 52. Nc7+ Kb7 53. Nxe6 {
ein schönes Endspiel vom Glasgow EMU} 1-0

[Event "1984 - Gruppe A"]
[Site "?"]
[Date "2008.??.??"]
[Round "7"]
[White "MGS Sargon 2.5"]
[Black "Prestige + CB16, Fidelity"]
[Result "0-1"]
[WhiteElo "1500"]
[BlackElo "1700"]
[Annotator "Peter Haupert"]
[PlyCount "46"]
[EventDate "2008.??.??"]

1. d4 Nf6 2. c4 g6 3. Nc3 {Ende Bibi Sargon} Bg7 {Ende Bibi Prestige} 4. Bf4
Nc6 5. Nf3 Nh5 6. Nd5 $6 d6 (6... Nxf4 $1 7. Nxf4 Nxd4 8. Nxd4 e5 9. Nh5 gxh5
10. Nf5 Bf8) 7. Qd3 $2 Nxf4 8. Nxf4 O-O 9. O-O-O Nxd4 10. Nxd4 e5 11. Nxg6 fxg6
12. Nf3 Qf6 13. e3 $4 {Pe4!} e4 {droht Matt auf B2} 14. Qd5+ Be6 15. Qxb7 $2
Rfb8 16. Qxb8+ Rxb8 17. Nd4 Qxf2 18. Rd2 Qe1+ 19. Kc2 Rxb2+ 20. Kxb2 Qxd2+ 21.
Ka3 Bxd4 22. exd4 Qc3+ 23. Ka4 Bd7# 0-1

[Event "1984 - Gruppe A"]
[Site "?"]
[Date "2008.??.??"]
[Round "8"]
[White "Turbostar 432 KSO, SciSys"]
[Black "MGS Sargon 2.5"]
[Result "1-0"]
[WhiteElo "1764"]
[BlackElo "1500"]
[Annotator "Peter Haupert"]
[PlyCount "45"]
[EventDate "2008.??.??"]

1. e4 c5 2. Nf3 Nc6 3. d4 cxd4 {letzter Buchzug Sargon 2.5} 4. Nxd4 e5 5. Nb5
Bb4+ {damit wirft der Sargon den Turbostar aus der Bibi} 6. Bd2 d5 $2 7. exd5
Bxd2+ 8. Qxd2 Nce7 $2 9. d6 Be6 $2 10. Nc7+ Kd7 11. dxe7+ Kxe7 12. Nxa8 {
und die Partie ist gewonnen} Qxa8 13. Qg5+ Nf6 14. b4 Qd8 15. Qxe5 Qd5 16. Qe2
$2 (16. Qxd5 Nxd5 17. a3 Rc8 18. c4 Nb6 19. Nd2 Nxc4 20. Bxc4 Bxc4 21. Nxc4
Rxc4 22. O-O) 16... Rd8 17. h4 $2 {reißt die eigene Königsdeckung auseinander}
Qe4 $2 18. Qxe4 Nxe4 19. Bd3 Rd4 20. b5 Bc4 21. Bxc4 Rxc4 22. Nd2 Nxd2 23. Kxd2
{Sargon 2.5 ist der erste Aspirant auf den letzten Platz in der Gruppe A.} 1-0

[Event "1984 - Gruppe A"]
[Site "?"]
[Date "2008.??.??"]
[Round "9"]
[White "MGS Sargon 2.5"]
[Black "Constellation, Novag"]
[Result "0-1"]
[WhiteElo "1500"]
[BlackElo "1711"]
[Annotator "Peter Haupert"]
[PlyCount "194"]
[EventDate "2008.??.??"]

1. e4 e5 2. Nf3 Nc6 3. Bb5 {Ende Bibi Sargon} a6 4. Bxc6 dxc6 {
Ende Bibi Constellation} 5. Nc3 Bc5 $5 6. Nxe5 {
Kommentar Sargon: Overaggressive?} Qg5 (6... Bxf2+ $1 7. Kxf2 Qd4+ 8. Ke1 Qxe5
9. d4 Qf6 $11) 7. d4 Qxg2 8. Qf3 Qxf3 9. Nxf3 Bf8 {
Der Angriff mit der Brechstange ist verpufft} 10. Rg1 Nf6 11. Be3 Ng4 $6 12.
Bf4 Bd6 13. Bxd6 cxd6 14. h3 Nxf2 $4 15. Kxf2 O-O 16. Rg3 f5 17. Rag1 g6 18. h4
Kg7 19. h5 {Jetzt greift Sargon 2.5 an} fxe4 20. Nxe4 d5 21. Nc5 Bf5 22. h6+ $2
(22. hxg6 hxg6 23. Ne6+ Bxe6 24. Rxg6+ Kf7 25. Rg7+ Ke8 26. Re1 Rxf3+ 27. Kxf3
Kf8 28. Rxb7 $18) 22... Kxh6 23. Rh1+ Kg7 24. Re1 h5 $6 {besser Rae8} 25. Re7+
Kh6 26. Rxb7 $6 h4 $1 {Alles oder Nichts!} 27. Rg1 Be4 28. Rb3 $1 Bxc2 29. Rc3
{Re3!} Be4 30. Rg4 Bxf3 31. Rxf3 Kh5 $2 (31... Rxf3+ 32. Kxf3 g5 $16) 32. Rg5+
Kxg5 33. Ne6+ Kg4 34. Nxf8 Rb8 35. b3 Kh5 36. Rf6 Rb4 37. Ke3 {besser Ne6} h3
38. Rxc6 $2 h2 39. Rc1 Rb8 $4 {Kg4!} 40. Nd7 Rh8 41. Rh1 $4 {Ne5!} Kg5 $2 42.
Nb6 $2 Rh3+ $2 43. Ke2 Rh4 $2 44. Kd3 $2 {Nxd5! und dem Plan Ne3->f1} Rh3+ 45.
Ke2 Rh4 $2 46. Nxd5 {beim zweiten Mal ergreift Sargon die Chance} Rxd4 47. Nc7
Rh4 48. Nxa6 $2 {und verspielt es wieder} Kg4 49. Kf2 Kh3 50. Rd1 $2 Rd4 $1 51.
Ra1 $2 (51. Rxd4 h1=Q 52. Nb4 g5 53. Nd3 Qg2+ 54. Ke3 Qxa2 55. b4 $17) 51...
Rd2+ 52. Ke3 Rxa2 53. Rxa2 h1=Q 54. b4 Kg4 55. Ra5 Qd1 56. Ke4 g5 57. Ke3 Qe1+
58. Kd4 Kf4 59. Kd5 Qe4+ 60. Kc5 g4 61. Kb5 g3 62. Nc5 Qe2+ 63. Kc6 g2 64. Ra1
Qf1 $1 65. Re1 {Sargon gibt bereits auf} g1=Q (65... Qxe1 66. Nd3+ Ke4 67. Nxe1
g1=Q $19) 66. Rxf1+ Qxf1 67. b5 Qf3+ 68. Kd6 Qe2 69. Ne6+ Ke4 70. Nc5+ Kd4 71.
Ne6+ Kc4 72. Nc7 Qe4 73. Kd7 Qe5 74. Kc6 Qc5+ 75. Kb7 Qd6 76. b6 Kc5 77. Na6+
Kb5 78. Nc7+ Ka5 79. Na8 Kb5 80. Nc7+ Kc4 81. Ne8 Qd5+ 82. Ka7 Qa5+ 83. Kb7 Kc5
84. Kc7 Qxb6+ 85. Kd7 Qc6+ 86. Ke7 Qb6 87. Kd7 Kd5 88. Nc7+ Ke5 89. Ne8 Qb7+
90. Nc7 Qb4 91. Kc6 Qd6+ 92. Kb7 Qc5 93. Na6 Qb5+ 94. Ka7 Kd6 95. Nb4 Qxb4 96.
Ka6 Kc6 97. Ka7 Qb7# {
Ein mehr als schmeichelhafter Erfolg für den Constellation} 0-1

[Event "1984 - Gruppe A"]
[Site "?"]
[Date "2008.??.??"]
[Round "10"]
[White "MGS Steinitz Edition 4"]
[Black "MGS Sargon 2.5"]
[Result "1-0"]
[WhiteElo "1600"]
[BlackElo "1500"]
[Annotator "Peter Haupert"]
[PlyCount "115"]
[EventDate "2008.??.??"]

1. e4 c6 2. d4 d5 3. exd5 cxd5 {Ende Bibi Sargon} 4. c4 Nf6 5. Nc3 Nc6 6. Bg5 {
Ende Bibi Steinitz} Bg4 7. f3 Be6 8. c5 Qd7 9. Bb5 O-O-O 10. Bxf6 exf6 $2 {
mit Pgxf6 hätte Sargon direkt über die offene G-Linie angreifen können} 11.
Nge2 Be7 12. Bxc6 Qxc6 13. O-O Bf5 14. g4 $2 {
ein Bauernzug auf dem falschen Flügel; richtig Pb4!} Bd7 15. Qb3 {wieder Pb4!}
Be6 16. Kg2 $6 f5 {besser Ph5!} 17. Nb5 Qa6 18. h3 $2 {
lockert unnötig die Königsposition} fxg4 19. fxg4 g6 $2 {Ph5!} 20. Rae1 $6 {
Welches (blinde) Huhn findet als erstes ein Korn?} h5 $1 {endlich} 21. Nf4 hxg4
22. hxg4 Rh4 23. Nxe6 fxe6 24. Kg3 $2 Rh7 $2 {Rdh8!} 25. Kg2 Rf8 $2 26. Rxf8+
Bxf8 27. Nxa7+ $2 Qxa7 28. Rxe6 Re7 29. Qxd5 Qa5 30. b4 Qxb4 31. Rf6 $2 (31.
Rxe7 Bxe7 32. Qe6+ Kd8 33. Qd5+ Ke8 34. Qg8+ Kd7 35. Qd5+ {Remis}) 31... Qd2+
32. Rf2 Re2 33. Rxe2 Qxe2+ 34. Kg3 Be7 35. g5 Qe3+ 36. Kg4 Qe2+ 37. Kg3 Qe3+
38. Kg4 Kb8 39. Qg8+ Kc7 40. Qd5 Qe1 41. Kh3 Qe2 42. Kg3 b6 43. c6 $4 b5 $4 (
43... Bd6+) 44. Qd7+ Kb6 45. Qb7+ Ka5 46. Qa7+ Kb4 47. a3+ Kc4 48. Qd7 Qe3+ 49.
Kh2 Qf4+ 50. Kg2 Bxg5 51. c7 Qd2+ 52. Kf1 Qc1+ 53. Kg2 Qc2+ $4 54. Kh3 Qd3+ 55.
Kg4 Qe4+ 56. Kxg5 Qg2+ 57. Kh6 Qa2 58. c8=Q+ 1-0

[Event "1984 - Gruppe A"]
[Site "?"]
[Date "2008.??.??"]
[Round "2"]
[White "Mirage, Mephisto"]
[Black "Prestige + CB16, Fidelity"]
[Result "0-1"]
[WhiteElo "1508"]
[BlackElo "1700"]
[Annotator "Peter Haupert"]
[PlyCount "92"]
[EventDate "2008.??.??"]

1. e4 e5 2. Nf3 Nc6 3. Nc3 Nf6 4. Bb5 Bb4 5. O-O O-O 6. d3 {Ende Bibi Mirage}
d6 {Ende Bibi Prestige} 7. Bxc6 {macht der Symmetrie ein Ende} bxc6 8. Bg5 Rb8
9. Qe2 Be6 10. Na4 Ba5 11. c3 c5 $1 12. Qc2 Qe7 13. b3 h6 14. Bh4 c6 15. d4
cxd4 16. cxd4 Bd7 $2 17. dxe5 dxe5 18. Bxf6 $2 (18. Qc5 Qxc5 19. Nxc5 $16)
18... gxf6 19. Qc5 Qxc5 20. Nxc5 Bg4 21. Nh4 Bb6 22. Na4 Bd4 23. Rae1 Rfd8 24.
Kh1 Kg7 $6 {Pc5!} 25. f3 Bd7 26. Rc1 Be3 27. Rcd1 Be6 {
Das Läuferpaar vom Prestige ist stärker als die Springer am Rande.} 28. Rxd8
Rxd8 29. Nc3 Rd2 30. Rc1 $4 (30. Nf5+ Bxf5 31. exf5 Bd4 32. Ne4 Rxa2 $17) 30...
Rd3 31. Nf5+ Bxf5 32. Rc2 Bxe4 33. fxe4 Bd4 34. a4 Bxc3 35. g3 Kg6 36. Kg2 f5
37. exf5+ Kxf5 38. Rf2+ Ke6 39. Rc2 e4 40. Re2 e3 41. Kf3 Bd2 42. b4 Rd4 43. b5
c5 44. a5 Rb4 45. b6 axb6 46. axb6 Rxb6 0-1

[Event "1984 - Gruppe A"]
[Site "?"]
[Date "2008.??.??"]
[Round "3"]
[White "MGS Master Chess Trio S"]
[Black "Mirage, Mephisto"]
[Result "1-0"]
[WhiteElo "1600"]
[BlackElo "1508"]
[Annotator "Peter Haupert"]
[PlyCount "137"]
[EventDate "2008.??.??"]

1. b3 Nc6 {
Mirage kennt keinen Zug auf die Larsen Eröffnung und muß sofort rechnen.} 2.
Bb2 {Das Grünfeld Modul muß hier ebenfalls passen und Morphy kommt bereits
früh zum Einsatz.} d5 3. Nf3 Bg4 4. Nc3 e5 5. h3 Bxf3 6. exf3 d4 7. Ne4 Nf6 8.
Bb5 Be7 9. Bxc6+ bxc6 10. O-O Nh5 11. Qe2 f5 $2 {geht ran wie Blücher} 12. Ng3
Nxg3 13. fxg3 Qd5 14. Rae1 Bd6 15. f4 $1 e4 16. g4 $6 (16. d3 $1 O-O 17. dxe4
fxe4 18. Qxe4 $16) 16... Bc5 17. Kh2 g6 18. gxf5 gxf5 19. g4 $2 {
Morphy greift auch daneben} (19. Qh5+ Qf7 20. Rxe4+ $1 fxe4 21. Qe5+ Kd7 22.
Qxc5) 19... O-O $2 {0-0-0!} 20. gxf5 Rae8 21. d3 e3 22. Rg1+ Kh8 23. Qg4 {
Eine vertrackte Stellung! Weiss greift über die G-Linie an und Schwarz kontert
mit dem Freibauern in der E-Linie.} Qd7 24. f6 Qxg4 25. hxg4 Rxf6 26. f5 Bd6+
27. Kg2 c5 28. Ref1 c6 29. g5 Rf7 30. f6 e2 31. Re1 h6 32. Rh1 Bf8 33. Kf3 Re3+
34. Kf2 Re5 35. Bc1 c4 36. dxc4 (36. Rxe2 $1) 36... Kg8 37. Rxe2 Rf5+ 38. Kg3
hxg5 39. Kg4 R5xf6 40. Bxg5 Rf3 41. Rhe1 Bd6 42. Re6 Rg3+ 43. Kh5 Rh7+ 44. Bh6
Bf8 45. Rh1 c5 46. Rg6+ Kh8 47. Rh4 Rxg6 48. Kxg6 {
mit Aufforderung nach dem Zug auf Capablanca zu wechseln} Bxh6 49. Rxh6 Rxh6+
50. Kxh6 Kg8 51. a3 Kf7 52. Kg5 Ke6 53. Kf4 Kd6 54. b4 Kc6 55. Ke5 a6 56. Ke6
cxb4 57. axb4 Kc7 58. Kd5 Kb6 59. Kxd4 Kc6 60. b5+ axb5 61. cxb5+ Kxb5 62. Kd5
Kb6 63. c4 Kb7 64. Kd6 Kc8 65. c5 Kd8 66. c6 Kc8 67. c7 Kb7 68. Kd7 Kb6 69.
c8=Q 1-0

[Event "1984 - Gruppe A"]
[Site "?"]
[Date "2008.??.??"]
[Round "4"]
[White "Mirage, Mephisto"]
[Black "Sensory 9 B, Fidelity"]
[Result "0-1"]
[WhiteElo "1508"]
[BlackElo "1574"]
[Annotator "Peter Haupert"]
[PlyCount "140"]
[EventDate "2008.??.??"]

1. e4 c5 2. Nc3 Nc6 {Ende Bibi Sensory9} 3. f4 Nf6 4. Nf3 {Ende Bibi Mirage} d5
5. exd5 Nxd5 6. Nxd5 Qxd5 7. Be2 Qe4 $6 8. d3 Qb4+ $6 9. c3 Qb6 {
3 Tempi verschenkt} 10. O-O e6 11. Qc2 Bd6 12. Be3 O-O 13. Ng5 Be7 $2 {
besser Ne7} 14. d4 (14. b4 $1 Qc7 15. bxc5 Bxg5 16. fxg5 $16) 14... g6 15. dxc5
Bxc5 16. Bxc5 Qxc5+ 17. Rf2 e5 18. Ne4 Qe7 19. fxe5 Qxe5 (19... Bf5 20. Rxf5 $1
gxf5 21. Nf6+ Kg7 22. Rf1 Nxe5 23. Qxf5 $16) 20. Nf6+ Kh8 21. Qe4 Qxe4 22. Nxe4
Be6 23. Nc5 Nd8 24. Nxe6 Nxe6 25. Raf1 f5 26. Bf3 Rf7 27. Rd2 $2 (27. Bd5 $1
Rf6 28. Bxb7 $18) 27... Kg7 28. Rd6 Kf6 29. Bd5 Ke5 30. Rd1 Re8 31. Bxe6 Rxe6
32. Rd7 Rxd7 33. Rxd7 Rb6 {normalerweise Remis} 34. b4 h5 35. a4 f4 36. a5 Rb5
37. g3 fxg3 38. hxg3 Ke6 39. Rd3 g5 40. Kf2 Rf5+ 41. Ke2 b6 42. Re3+ Kf6 43.
axb6 axb6 44. Re4 b5 45. c4 bxc4 46. Rxc4 Ke6 47. Rc6+ Kd7 48. Rc5 Rxc5 49.
bxc5 Kc6 50. Kf3 Kd5 51. g4 $4 {Oh Gott!!} h4 52. Kg2 Kxc5 53. Kh2 Kd4 54. Kg2
Ke4 55. Kf2 Kf4 56. Kf1 Kxg4 57. Kg2 h3+ 58. Kh2 Kh4 59. Kh1 g4 60. Kh2 g3+ 61.
Kh1 Kg4 62. Kg1 Kf3 63. Kh1 Ke3 64. Kg1 g2 65. Kh2 Kf3 66. Kg1 h2+ {
Mit Mattansage vom Sensory 9 (über LEDs)} 67. Kxh2 Kf2 68. Kh3 g1=Q 69. Kh4 Qg6
70. Kh3 Qg3# 0-1

[Event "1984 - Gruppe A"]
[Site "?"]
[Date "2008.??.??"]
[Round "5"]
[White "Turbostar 432 KSO, SciSys"]
[Black "Mirage, Mephisto"]
[Result "1-0"]
[WhiteElo "1764"]
[BlackElo "1508"]
[Annotator "Peter Haupert"]
[PlyCount "129"]
[EventDate "2008.??.??"]

1. e4 e6 2. d4 d5 3. Nd2 c5 4. Ngf3 Nf6 5. exd5 Nxd5 {Letzter Zug Bibi Mirage}
6. Nb3 {Ende Bibi Turbostar} b6 $6 7. c4 Nb4 8. a3 N4c6 9. dxc5 $6 {Be3!} Qxd1+
10. Kxd1 Bxc5 11. Nxc5 bxc5 12. Bd3 O-O 13. Be3 Na6 14. Ng5 $6 f5 $1 15. Kc2
Rb8 16. Rad1 e5 17. Kb1 $6 {stellt sich in die offene Linie des Turms} h6 18.
Nh3 Rf6 (18... f4 $1 19. Bd2 f3 20. Be4 Nd4 21. Bc3 fxg2 22. Bxg2 Bf5+) 19.
Rhe1 f4 20. Bc1 Bxh3 $2 {gibt den starken Läufer weg für den passiven
Randspringer und öffnet die G-Linie für Weiss} 21. gxh3 Nc7 22. Bc2 $1 f3 23.
Ba4 Nd4 $6 {Na5!} 24. Rxe5 Ra6 25. Bd7 Rd6 (25... Rxa3 $6 26. Rxc5 Ra1+ 27.
Kxa1 Nb3+ 28. Kb1 Nxc5) 26. Bg4 Nc6 27. Rxc5 Rxd1 28. Rxc6 Ne8 29. Bxf3 Rf1 30.
Ra6 Rxf2 31. Bd5+ Kh8 32. Rxa7 Rxh2 33. Be6 Re2 {direkt Nf6!} 34. Bg4 Re4 35.
c5 Nf6 36. Bf3 Rc4 37. Be3 Re8 (37... Rb3 $5 38. Re7 Rcc3 39. c6 $1 Rxe3 40.
Rxe3 Rxe3 41. c7 Re8 42. Bb7 Nd5 43. c8=Q Rxc8 44. Bxc8 $18) 38. Ra8 Rxa8 39.
Bxa8 Kg8 40. Bc6 Kf7 41. Bb5 Rh4 42. Bf1 {Pc6!} Re4 43. Bd2 Rd4 44. Kc2 Ne4 $2
(44... Rxd2+ 45. Kxd2 Ne4+ 46. Kc2 Nxc5 47. b4) 45. Be3 Rd8 46. Bg2 {
Das Läuferpaar des Turbostar ist eine Macht!} Nf6 47. Kc3 $2 {Pb4!} Nd5+ 48.
Bxd5+ Rxd5 49. h4 $2 {wieder Pb4!} Re5 $2 {Rh5!} 50. Kd4 $6 (50. Bd4 $1 Rh5 51.
b4 Rxh4 52. b5 $18) 50... Rh5 51. Bf2 Rf5 52. Bg3 Rf6 53. Be5 Rf3 54. a4 Rb3 $2
55. Kc4 Rh3 56. Bc3 {Pa5!} Rxh4+ 57. Kb5 Rh3 58. a5 h5 59. a6 Re3 60. c6 Re7
61. Bd4 Re6 62. a7 Rd6 $2 63. a8=Q Rd5+ 64. Kc4 Rxd4+ 65. Kxd4 {
Am Ende konnte sich der Favorit im Endspiel (mühsam) durchsetzen} 1-0

[Event "1984 - Gruppe A"]
[Site "?"]
[Date "2008.??.??"]
[Round "6"]
[White "Mirage, Mephisto"]
[Black "Glasgow 68000 EMU, Mephisto"]
[Result "1-0"]
[WhiteElo "1508"]
[BlackElo "1700"]
[Annotator "Peter Haupert"]
[PlyCount "175"]
[EventDate "2008.??.??"]

1. e4 e6 2. d4 d5 3. Nc3 Bb4 4. e5 c5 5. a3 Bxc3+ 6. bxc3 Qc7 7. Nf3 Ne7 8. Be2
{Ende Bibi Mirage} b6 {Ende Bibi Glasgow EMU} 9. dxc5 Nd7 $5 10. cxb6 axb6 11.
O-O Qxc3 12. Rb1 Ng6 13. Bb5 Qc7 14. Bb2 O-O 15. Qe2 Ra5 16. Bd3 Bb7 17. Bxg6
fxg6 18. Rfd1 Rf5 19. Qd3 Ba6 20. Qd2 Rc5 21. Rbc1 Rc4 {+0.78 Glasgow EMU} 22.
Bd4 Qc6 23. Nh4 Rh5 24. Nf3 Qa4 {
Glasgow steht optisch überlegen, kommt aber nicht richtig zum Zuge} 25. Bb2 Re4
26. Re1 Qb5 $2 27. Rb1 $2 (27. Rxe4 dxe4 28. c4 $1 Qa4 29. Ng5 $18) 27... Re2
28. Qd1 Qc4 29. Rxe2 Qxe2 30. Bd4 Qxd1+ 31. Rxd1 Be2 32. Re1 Bxf3 33. gxf3 b5
34. c3 Rf5 35. Kg2 g5 $1 36. h3 h5 37. Re2 h4 38. Re1 Kh7 39. Re2 Kh6 40. Re1
Nf8 $6 {die bessere Idee wäre Rf8->b8} 41. Rb1 Ng6 42. Rxb5 Nxe5 43. Rb6 Kh7
44. Rxe6 Ng6 45. Rd6 Nf4+ 46. Kf1 Nxh3 47. Rd7 Kh6 48. Bxg7+ Kh5 49. Bd4 Nf4 $6
(49... Rxf3 50. Rxd5 Nf4 51. Re5 Rd3 $11) 50. a4 $1 {ein gefährlicher Freibauer
} Rf8 51. Be3 h3 52. a5 Kg6 53. Bxf4 Rxf4 54. Rd6+ Kh5 55. Ke2 $4 Ra4 $4 (55...
h2 56. Rd8 Rf6 57. Rh8+ Rh6 {und Schwarz gewinnt}) 56. Rd8 Ra2+ 57. Ke3 d4+ $2
58. cxd4 Ra3+ 59. Ke4 Rxa5 60. Rh8+ Kg6 61. Rxh3 Ra2 62. Rh2 Kf6 $2 63. Rh6+ (
63. f4 $1 g4 64. f5 Re2+ 65. Kf4 Kg7 66. Rh4 Rxf2+ 67. Kxg4 $18) 63... Kg7 64.
Rc6 Re2+ $2 {Tempoverlust; direkt Rxf2} 65. Kf5 Rxf2 66. Rg6+ Kh7 {
jetzt ist der schwarze König vom Spielgeschehen abgesperrt} 67. Rxg5 Rxf3+ 68.
Ke6 {Der aktive weiße König, gepaart mit dem Freibauern bringen den Sieg} Kh6
69. Rg2 Re3+ 70. Kd6 Re8 71. d5 Rd8+ 72. Ke6 Kh5 73. d6 Ra8 {
-6.08; jetzt erkennt der Glasgow EMU die Niederlage} 74. d7 Kh4 75. Rd2 Rd8 76.
Ke7 Rxd7+ 77. Rxd7 Kg4 78. Kf6 Kf4 79. Re7 Kg4 80. Ke5 Kg3 81. Ke4 Kg2 82. Kf4
Kf2 83. Re3 Kg2 84. Rf3 Kh2 85. Rf2+ Kh1 86. Kg3 Kg1 87. Rf5 Kh1 88. Rf1# {
Ein überraschender Sieg des David Mephisto Mirage, gegen seinen wesentlich
schnelleren großen Bruder Mephisto Glasgow 16 Bit EMU.} 1-0